Najpopularniejsi raperzy w tym tygodniu . 13-19.08.21 - Statystyki

Ogólne statystyki
  • Ten quiz został rozwiązany 21 razy
  • Średni wynik to 9 z 15
Statystyki odpowiedzi
Miejsce w poprzednim tygodniu Wyświetlenia Raper % Poprawnych
#1 8.95M Kizo
89%
#5 4.33M Mata
89%
#8 3.49M Bedoes
84%
#4 5.30M White 2115
79%
#2 5.94M Sobel
74%
#6 3.37M Young Leosia
74%
#3 5.80M Żabson
74%
#11 2.68M Young Igi
63%
#7 4.61M Tymek
53%
#9 3.14M Paluch
47%
#12 3.21M Reto
47%
#13 2.45M Szpaku
47%
#14 2.56M Smolasty
42%
#21 2.44M Wac Toja
32%
#10 2.48M Kubańczyk
26%
Nie znaleziono quizów pasujących do podanych kryteriów
Rozkład punktacji
Procent ludzi z każdym wynikiem
Percentyl według liczby udzielonych odpowiedzi
Twoja historia wyników
Nie rozwiązałeś tego quizu